00994nabaa22001937a 4500003000400000005001700004008004100021040000700062100001700069245013100086300001300217505024700230505008900477650002700566650002700593650003200620650003400652773011400686OSt20260122215154.0190701b xxu||||| |||| 00| 0 spa d cPJ aMonti, Laura13aLa administración pública frente a la ley inconstitucional e inconvencional :breflexiones e interrogantes /cLaura Monti. ap. 13-19 aSumario: I. Introducción.— II. ¿Qué matices o novedades se han planteado, en las últimas dos décadas aproximadamente, sobre estos conceptos?— III. ¿Cuáles son las posturas que existen sobre el tema?—IV. Conclusiones y dudas. t¿Te interesa el texto completo? Comunicate al correo: koha@justierradelfuego.gov.ar 0aDERECHO ADMINISTRATIVO 0aADMINISTRACION PUBLICA 0aCONTROL DE CONVENCIONALIDAD 0aCONTROL DE CONSTITUCIONALIDAD0 02842dBuenos Aires : AbeledoPerrot, 2012-oDA121tDerecho administrativo. Nº 148 julio/agosto 2023z18510590